[Event "Condigne Dutch Open 2016"]
[Site "dieren"]
[Date "2016.07.26"]
[Round "1"]
[White "L'Ami, Erwin"]
[Black "Heemskerk, Wim"]
[Result "1-0"]
[WhiteElo "2606"]
[BlackElo "2201"]
[PlyCount "43"]
[EventDate "2016.07.27"]
[EventCountry "NED"]
[TimeControl "6000+1050"]
[WhiteClock "0:24:55"]
[BlackClock "0:17:16"]

1. d4 Nf6 2. c4 e6 3. Nc3 Bb4 4. Qc2 c5 5. dxc5 Bxc5 6. Nf3 Qb6 7. e3 Qc7 8. g4
h6 9. Rg1 Be7 10. g5 hxg5 11. Nb5 Qb6 12. Rxg5 d6 13. Rxg7 Nc6 14. Bd2 a6 15.
Nc3 Bd7 16. Be2 Bf8 17. Rg5 O-O-O 18. b4 Kb8 19. b5 Ne5 20. Rb1 axb5 21. Nxb5
Qa6 22. Bc3 1-0

[Event "Condigne Dutch Open 2016"]
[Site "dieren"]
[Date "2016.07.26"]
[Round "1"]
[White "Van Meegen, Ruud"]
[Black "Reinderman, Dimitri"]
[Result "0-1"]
[WhiteElo "2201"]
[BlackElo "2584"]
[PlyCount "70"]
[EventDate "2016.07.27"]
[EventCountry "NED"]
[TimeControl "6000+950"]
[WhiteClock "0:01:25"]
[BlackClock "0:27:25"]

1. d4 Nf6 2. c4 c5 3. d5 g6 4. Nc3 Bg7 5. e4 O-O 6. Nf3 d6 7. h3 e6 8. Bd3 Re8
9. O-O Na6 10. Be3 exd5 11. exd5 Nb4 12. Bb1 Nh5 13. Qd2 f5 14. Bg5 Nf6 15. a3
Na6 16. Bc2 Bd7 17. Rab1 Qe7 18. b4 Qf8 19. Nb5 Ne4 20. Bxe4 fxe4 21. Nh2 cxb4
22. axb4 Bxb5 23. cxb5 Nc7 24. b6 axb6 25. f3 Qf5 26. Rbd1 Re5 27. Qc2 e3 28.
Qxf5 gxf5 29. Rfe1 Rae8 30. g3 e2 31. Rd2 Nxd5 32. f4 Re3 33. Rxd5 Bc3 34. Kf2
Bxe1+ 35. Kxe1 Rxg3 0-1

[Event "Condigne Dutch Open 2016"]
[Site "dieren"]
[Date "2016.07.26"]
[Round "1"]
[White "Sandipan, Chanda"]
[Black "Evengroen, Henk-Jan"]
[Result "1-0"]
[WhiteElo "2568"]
[BlackElo "2179"]
[PlyCount "59"]
[EventDate "2016.07.27"]
[EventCountry "NED"]
[TimeControl "6000+805"]
[WhiteClock "0:41:56"]
[BlackClock "0:05:02"]

1. d4 Nf6 2. Nf3 g6 3. Nbd2 Bg7 4. e4 d6 5. Bd3 O-O 6. O-O c5 7. c3 b6 8. Re1
Bb7 9. Nf1 cxd4 10. cxd4 Nc6 11. a3 Nh5 12. Be3 Qd7 13. Rc1 d5 14. e5 f6 15.
exf6 Nxf6 16. Ng3 Ng4 17. Bb5 Nxe3 18. Rxe3 Qd6 19. Bxc6 Bxc6 20. Qe2 Bh6 21.
Re6 Bb5 22. Qe1 Qf4 23. Rc3 Bg7 24. Rxe7 Bf6 25. Qe6+ Kh8 26. Rcc7 Qh6 27.
Rxh7+ Qxh7 28. Rxh7+ Kxh7 29. Qxd5 Ba6 30. Ne4 1-0

[Event "Condigne Dutch Open 2016"]
[Site "dieren"]
[Date "2016.07.26"]
[Round "1"]
[White "Blok, Michiel"]
[Black "Khenkin, Igor"]
[Result "0-1"]
[WhiteElo "2174"]
[BlackElo "2553"]
[PlyCount "62"]
[EventDate "2016.07.27"]
[EventCountry "NED"]
[TimeControl "6000+965"]
[WhiteClock "0:19:34"]
[BlackClock "0:11:01"]

1. d4 d5 2. c4 dxc4 3. Nf3 c6 4. Qc2 b5 5. a4 e6 6. Nc3 Bb4 7. axb5 cxb5 8. Qe4
Qd5 9. Qg4 g6 10. e4 Nf6 11. exd5 Nxg4 12. dxe6 Bxe6 13. Bg5 h6 14. Bh4 Nd7 15.
Nd2 Bxc3 16. bxc3 Ngf6 17. Be2 Nd5 18. Bf3 O-O 19. O-O Nxc3 20. Bxa8 Rxa8 21.
Rfe1 a5 22. Be7 Nd5 23. Bc5 a4 24. Ne4 b4 25. Rec1 Nxc5 26. Nxc5 Nc3 27. Kf1 a3
28. Ke1 b3 29. Kd2 Nb5 30. Nxe6 fxe6 31. Rxc4 b2 0-1

[Event "Condigne Dutch Open 2016"]
[Site "dieren"]
[Date "2016.07.26"]
[Round "1"]
[White "Ikonnikov, Vyacheslav"]
[Black "Gerlagh, Joris"]
[Result "1-0"]
[WhiteElo "2538"]
[BlackElo "2172"]
[PlyCount "121"]
[EventDate "2016.07.27"]
[EventCountry "NED"]
[TimeControl "6000+1045"]
[WhiteClock "0:20:44"]
[BlackClock "0:10:58"]

1. d4 Nf6 2. Nf3 g6 3. c4 Bg7 4. Nc3 d5 5. cxd5 Nxd5 6. Bd2 O-O 7. e4 Nb6 8. a4
Bg4 9. a5 N6d7 10. Be3 Nc6 11. Be2 Bxf3 12. gxf3 e5 13. dxe5 Bxe5 14. a6 bxa6
15. Qa4 Bxc3+ 16. bxc3 Qf6 17. O-O Nb6 18. Qxa6 Qxc3 19. Rac1 Qf6 20. Rfd1 Rad8
21. Kg2 Rxd1 22. Bxd1 Nd8 23. Rxc7 Ne6 24. Rxa7 Nd7 25. f4 Nb8 26. Qa1 Nxf4+
27. Kf3 Qxa1 28. Rxa1 Ne6 29. Bh6 Rd8 30. Ke3 Nc6 31. Rc1 Ncd4 32. f4 f5 33. e5
Ra8 34. Rc3 Kf7 35. h4 Ra2 36. Bb3 Nxb3 37. Rxb3 Re2+ 38. Kxe2 Nd4+ 39. Kd3
Nxb3 40. Kc4 Nd2+ 41. Kd5 Nf3 42. Bg5 h6 43. Bxh6 Nxh4 44. e6+ Ke8 45. Ke5 Nf3+
46. Kf6 Nd4 47. Bg5 Kf8 48. e7+ Ke8 49. Kxg6 Nc6 50. Kxf5 Kf7 51. Bh4 Na7 52.
Bf2 Nb5 53. Bc5 Nc3 54. Ke5 Na4 55. Bd4 Kxe7 56. f5 Kf7 57. f6 Kf8 58. Ke6 Ke8
59. f7+ Kf8 60. Kf6 Nc3 61. Bc5# 1-0

[Event "Condigne Dutch Open 2016"]
[Site "dieren"]
[Date "2016.07.26"]
[Round "1"]
[White "Ratsma, Midas"]
[Black "Horvath, Csaba"]
[Result "0-1"]
[WhiteElo "2171"]
[BlackElo "2520"]
[PlyCount "72"]
[EventDate "2016.07.27"]
[EventCountry "NED"]
[TimeControl "6000+1005"]
[WhiteClock "0:00:32"]
[BlackClock "0:05:17"]

1. d4 Nf6 2. Bg5 e6 3. e4 h6 4. Bxf6 Qxf6 5. c3 d5 6. Nd2 c5 7. Ngf3 cxd4 8.
Nxd4 Bc5 9. N2b3 Bxd4 10. Nxd4 Qe5 11. Bb5+ Bd7 12. O-O dxe4 13. Qa4 a6 14.
Bxd7+ Nxd7 15. Rfe1 b5 16. Qc2 Nf6 17. Nf3 Qf4 18. Qd2 Qc7 19. Nd4 O-O 20. a4
Rfd8 21. Qe2 b4 22. Rec1 Qb7 23. Nb3 Rac8 24. c4 Rd3 25. Nd2 Rcd8 26. Nf1 b3
27. c5 Qc6 28. Rc4 R8d4 29. Rac1 Nd7 30. Rxd4 Rxd4 31. Nd2 Qd5 32. Nxb3 Qxb3
33. c6 Nb6 34. a5 Rc4 35. Rxc4 Qxc4 36. Qd2 Nd5 0-1

[Event "Condigne Dutch Open 2016"]
[Site "dieren"]
[Date "2016.07.26"]
[Round "1"]
[White "Hausrath, Daniel"]
[Black "Van Helvoort, Rob"]
[Result "1-0"]
[WhiteElo "2483"]
[BlackElo "2171"]
[PlyCount "57"]
[EventDate "2016.07.27"]
[EventCountry "NED"]
[TimeControl "6000+1235"]
[WhiteClock "0:25:18"]
[BlackClock "0:02:27"]

1. Nf3 e6 2. g3 f5 3. Bg2 Nf6 4. O-O Be7 5. c4 d6 6. d4 O-O 7. Nc3 Qe8 8. b3 c6
9. Ba3 Ne4 10. Rc1 Nd7 11. d5 exd5 12. cxd5 c5 13. Nd2 Nxd2 14. Qxd2 f4 15.
gxf4 Qh5 16. Qe3 Qh4 17. Nb5 Rxf4 18. Nxd6 Bxd6 19. Qe6+ Kh8 20. Qxd6 Rf6 21.
Qe7 Nf8 22. Bb2 Bh3 23. Bxf6 gxf6 24. Bxh3 Ng6 25. Qe3 Nf4 26. Kh1 Nxh3 27. f4
Qh5 28. Qf3 Qh6 29. Rc3 1-0

[Event "Condigne Dutch Open 2016"]
[Site "dieren"]
[Date "2016.07.26"]
[Round "1"]
[White "Compagnie, Luc"]
[Black "Pruijssers, Roeland"]
[Result "0-1"]
[WhiteElo "2158"]
[BlackElo "2463"]
[PlyCount "66"]
[EventDate "2016.07.27"]
[EventCountry "NED"]
[TimeControl "6000+1205"]
[WhiteClock "0:08:42"]
[BlackClock "0:32:27"]

1. c4 f5 2. Nc3 Nf6 3. Nf3 g6 4. g3 Bg7 5. Bg2 d6 6. O-O O-O 7. d3 e5 8. Rb1 a5
9. a3 Nc6 10. Bd2 h6 11. b4 axb4 12. axb4 g5 13. b5 Ne7 14. Ne1 Rb8 15. Nc2 Be6
16. Nb4 f4 17. Nbd5 Qd7 18. Nxe7+ Qxe7 19. Nd5 Qd7 20. Qb3 Kh8 21. Rfc1 Qf7 22.
Nxf6 Qxf6 23. Rf1 g4 24. gxf4 exf4 25. Rfc1 f3 26. Bc3 Qh4 27. Bxg7+ Kxg7 28.
Qb2+ Kg8 29. Bf1 Rf5 30. Qd4 fxe2 31. Bxe2 Rbf8 32. Rf1 Rh5 33. h3 Qxh3 0-1

[Event "Condigne Dutch Open 2016"]
[Site "dieren"]
[Date "2016.07.26"]
[Round "1"]
[White "Debashis, Das"]
[Black "Vos, Tjark"]
[Result "1-0"]
[WhiteElo "2451"]
[BlackElo "2156"]
[PlyCount "69"]
[EventDate "2016.07.27"]
[EventCountry "NED"]
[TimeControl "6000+975"]
[WhiteClock "0:01:35"]
[BlackClock "0:08:00"]

1. d4 Nf6 2. c4 e6 3. Nc3 Bb4 4. e3 O-O 5. Bd3 d5 6. Nf3 c5 7. O-O Nc6 8. cxd5
cxd4 9. exd4 Nxd5 10. Bc2 Re8 11. Qd3 g6 12. a3 Be7 13. Bh6 b6 14. Rfe1 Bb7 15.
Re4 Rc8 16. Rae1 Na5 17. Rg4 Nc4 18. Bc1 Nxa3 19. Ba4 Nb4 20. Qd2 Nc4 21. Qh6
Bxf3 22. gxf3 Rf8 23. Ree4 Nd6 24. Rh4 Bxh4 25. Rxh4 Qxh4 26. Qxh4 Nf5 27. Qe4
Rfd8 28. Be3 a6 29. Bb3 Rd6 30. Qb7 Rcd8 31. Ne4 Rc6 32. Bd2 Nxd4 33. Ng5 Rf8
34. Bxb4 Rc1+ 35. Kg2 1-0

[Event "Condigne Dutch Open 2016"]
[Site "dieren"]
[Date "2016.07.26"]
[Round "1"]
[White "Milov, Leonid"]
[Black "Bakker, Guido"]
[Result "1-0"]
[WhiteElo "2430"]
[BlackElo "2134"]
[PlyCount "59"]
[EventDate "2016.07.27"]
[EventCountry "NED"]

1. e4 c5 2. Nf3 Nc6 3. d4 cxd4 4. Nxd4 Nf6 5. Nc3 e5 6. Ndb5 d6 7. Bg5 a6 8.
Na3 b5 9. Bxf6 gxf6 10. Nd5 Bg7 11. Bd3 O-O 12. O-O Ne7 13. Nxe7+ Qxe7 14. c4
f5 15. Qh5 Rb8 16. exf5 e4 17. Rae1 Bxb2 18. Rxe4 Qf6 19. Rh4 h6 20. Nc2 bxc4
21. Rxc4 Re8 22. Ne3 Rxe3 23. fxe3 Bb7 24. Rb4 Bc3 25. Rg4+ Kh8 26. Rb1 d5 27.
Qh4 Qxh4 28. Rxh4 a5 29. Rxh6+ Kg7 30. Rhb6 1-0

[Event "Condigne Dutch Open 2016"]
[Site "dieren"]
[Date "2016.07.26"]
[Round "1"]
[White "Maddens, Martijn"]
[Black "Beerdsen, Thomas"]
[Result "0-1"]
[WhiteElo "2126"]
[BlackElo "2414"]
[PlyCount "92"]
[EventDate "2016.07.27"]
[EventCountry "NED"]

1. e4 c5 2. c3 d5 3. exd5 Qxd5 4. d4 g6 5. Nf3 Bg7 6. Na3 cxd4 7. Nb5 Na6 8.
Nbxd4 Nf6 9. Bb5+ Nd7 10. O-O O-O 11. Qe2 Bf6 12. h4 Nb6 13. Bg5 Nc7 14. Bd3
Ne6 15. Bxf6 exf6 16. Nxe6 Bxe6 17. Nd4 Rfe8 18. Be4 Qd7 19. Nxe6 Qxe6 20. Rfe1
Rad8 21. Kf1 Nc4 22. Rad1 Rxd1 23. Qxd1 Nxb2 24. Qc1 Qxa2 25. h5 Qc4+ 26. Kg1
Rxe4 27. Rxe4 Qxe4 28. Qxb2 Qe1+ 29. Kh2 Qe5+ 30. Kg1 Qxh5 31. Qxb7 Qc5 32. c4
Qxc4 33. Qxa7 Kg7 34. Qe3 Qe6 35. Qa7 h5 36. g3 h4 37. gxh4 Qg4+ 38. Kh1 Qxh4+
39. Kg1 f5 40. Qa1+ Qf6 41. Qa3 Qe5 42. Qf3 Qe1+ 43. Kh2 Kf6 44. Qc6+ Qe6 45.
Qf3 Qe4 46. Qc3+ Qe5+ 0-1

[Event "Condigne Dutch Open 2016"]
[Site "dieren"]
[Date "2016.07.26"]
[Round "1"]
[White "Hendriks, Willy"]
[Black "Nachbar, Benjamin"]
[Result "1/2-1/2"]
[WhiteElo "2407"]
[BlackElo "2124"]
[PlyCount "69"]
[EventDate "2016.07.27"]
[EventCountry "NED"]

1. e4 c6 2. d4 d5 3. exd5 cxd5 4. c4 Nf6 5. Nc3 Nc6 6. Bg5 dxc4 7. d5 Ne5 8.
Bxc4 Nxc4 9. Qa4+ Bd7 10. Qxc4 g6 11. Nf3 Bg7 12. O-O Rc8 13. Qb3 h6 14. Be3 b6
15. Rfe1 O-O 16. Bd4 Re8 17. Ne5 Ng4 18. h3 Nxe5 19. Bxe5 e6 20. Bxg7 Kxg7 21.
d6 Bc6 $11 22. Rad1 Qd7 23. Qb4 e5 24. Nd5 Bxd5 25. Rxd5 f6 26. Red1 Red8 27.
a4 Qe6 28. d7 Rc7 29. Rd6 Qc4 30. Qa3 Qf7 31. Qd3 Qc4 32. Qf3 Qf7 33. Qd3 Qc4
34. Qf3 Qf7 35. Qd3 1/2-1/2

[Event "Condigne Dutch Open 2016"]
[Site "dieren"]
[Date "2016.07.26"]
[Round "1"]
[White "Van Mierlo, Guido"]
[Black "Van Dooren, Dirk"]
[Result "1/2-1/2"]
[WhiteElo "2116"]
[BlackElo "2390"]
[PlyCount "71"]
[EventDate "2016.07.27"]
[EventCountry "NED"]

1. Nf3 f5 2. g3 Nf6 3. Bg2 d6 4. d4 e6 5. O-O Be7 6. b4 a5 7. b5 a4 8. Qd3 O-O
9. c4 Nbd7 10. Nc3 Nb6 11. Bg5 Qe8 12. Rac1 Qg6 13. Bxf6 Bxf6 14. c5 dxc5 15.
dxc5 Rd8 16. Qc2 Nd5 17. Nxd5 exd5 18. e3 Qe8 19. c6 bxc6 20. Qxc6 Qxc6 21.
Rxc6 Bd7 22. Rc5 Rab8 23. Nd4 Bxd4 24. Bxd5+ Kf8 25. exd4 Rxb5 26. Rfc1 Rdb8
27. Bf3 Rxc5 28. Rxc5 Ke7 29. Rxc7 Kd6 30. Ra7 Rb4 31. Ra6+ Ke7 32. Ra7 Kd6 33.
Ra6+ Ke7 34. Ra7 Kd6 35. Ra6+ Ke7 36. Ra7 1/2-1/2

[Event "Condigne Dutch Open 2016"]
[Site "dieren"]
[Date "2016.07.26"]
[Round "1"]
[White "Zwirs, Nico"]
[Black "Roorda, Thijs"]
[Result "1-0"]
[WhiteElo "2374"]
[BlackElo "2115"]
[PlyCount "89"]
[EventDate "2016.07.27"]
[EventCountry "NED"]

1. Nf3 e6 2. c4 f5 3. d4 Nf6 4. Nc3 Bb4 5. Qb3 Qe7 6. a3 Bxc3+ 7. Qxc3 b6 8. g3
Bb7 9. Bg2 d6 10. O-O Nbd7 11. b4 O-O 12. a4 a5 13. b5 Ne4 14. Qc2 e5 15. Bb2
Ng5 16. Nxg5 Bxg2 17. Kxg2 Qxg5 18. dxe5 Nxe5 19. c5 f4 20. cxd6 cxd6 21. Rad1
Rf6 22. Rd5 Raf8 23. Bxe5 dxe5 24. Qe4 fxg3 25. hxg3 Re8 26. Rh1 h6 27. Rh4 Rg6
28. e3 Ree6 29. Rd7 Kh7 30. Rh1 Qg4 31. Qxg4 Rxg4 32. Rh4 Reg6 33. Rxg4 Rxg4
34. f4 exf4 35. exf4 Rg6 36. Kf3 Re6 37. f5 Re1 38. Kf4 Ra1 39. Rd4 Kg8 40. Ke5
Rc1 41. Rd6 Ra1 42. Rxb6 Rxa4 43. Ra6 Kf7 44. Ra7+ Kf8 45. b6 1-0

[Event "Condigne Dutch Open 2016"]
[Site "dieren"]
[Date "2016.07.26"]
[Round "1"]
[White "Klaver, Cornelis"]
[Black "Maris, Ivo"]
[Result "0-1"]
[WhiteElo "2106"]
[BlackElo "2370"]
[PlyCount "136"]
[EventDate "2016.07.27"]
[EventCountry "NED"]

1. d4 Nf6 2. Bg5 d5 3. Bxf6 gxf6 4. Nf3 c5 5. e3 Nc6 6. c4 cxd4 7. Nxd4 Nxd4 8.
Qxd4 dxc4 9. Qxd8+ Kxd8 10. Bxc4 e6 11. Nc3 a6 12. a4 Bb4 13. Ke2 Bd7 14. Bb3
Ke7 15. Rhd1 Bc6 16. f3 f5 17. Rac1 Bd6 18. g3 h5 19. e4 f4 20. Kf2 Rag8 21.
Ne2 fxg3+ 22. hxg3 Bc7 23. Rh1 Bb6+ 24. Kg2 h4 25. Rh3 hxg3 26. Rxh8 Rxh8 27.
Nxg3 Rg8 28. Rh1 Bd4 29. Rh3 Bxb2 30. Kf2 Bd4+ 31. Ke2 b5 32. axb5 Bxb5+ 33.
Kd2 a5 34. Rh5 Bc6 35. Ne2 Bb6 36. Bc4 Rc8 37. Ba6 Rb8 38. Bc4 a4 39. Nc3 a3
40. Kd3 Rg8 41. Rh1 Rg2 42. Rf1 Rb2 43. Rb1 Rxb1 44. Nxb1 Bc5 45. Nc3 Bd6 46.
Ke3 Bb4 47. Na2 Ba5 48. Kd4 Kd6 49. f4 Bb6+ 50. Kd3 Kc5 51. Nc3 Ba5 52. f5 Bxc3
53. Kxc3 exf5 54. Bxf7 fxe4 55. Bh5 Bd5 56. Bg6 e3 57. Bh5 Kd6 58. Be2 Ke5 59.
Bb5 Kf4 60. Be2 Kg3 61. Bb5 Kf2 62. Kc2 Ba2 63. Bd3 Bd5 64. Bb5 Bf3 65. Kc1 Be2
66. Be8 Bd3 67. Bh5 Kg3 68. Bd1 Kf4 0-1

[Event "Condigne Dutch Open 2016"]
[Site "dieren"]
[Date "2016.07.26"]
[Round "1"]
[White "Van Foreest, Lucas"]
[Black "Evengroen, Jan"]
[Result "1-0"]
[WhiteElo "2367"]
[BlackElo "2097"]
[PlyCount "35"]
[EventDate "2016.07.27"]
[EventCountry "NED"]

1. e4 e6 2. d4 d5 3. Nd2 c5 4. exd5 exd5 5. Ngf3 Nc6 6. dxc5 Bxc5 7. Nb3 Bd6 8.
Bd3 Nge7 9. O-O Bg4 10. c3 Qc7 11. h3 Bh5 12. Be3 a6 13. Nbd4 Ne5 14. Qa4+ N7c6
15. Nxe5 Bxe5 16. Nxc6 Qxc6 17. Qxc6+ bxc6 18. f4 1-0

[Event "Condigne Dutch Open 2016"]
[Site "dieren"]
[Date "2016.07.26"]
[Round "1"]
[White "Boersma, Jan"]
[Black "Geurink, Jasper"]
[Result "0-1"]
[WhiteElo "2094"]
[BlackElo "2359"]
[PlyCount "76"]
[EventDate "2016.07.27"]
[EventCountry "NED"]

1. e4 e6 2. d4 d5 3. exd5 exd5 4. c4 Nf6 5. Nc3 Be7 6. Bd3 dxc4 7. Bxc4 O-O 8.
Nge2 a6 9. a3 b5 10. Ba2 Bb7 11. O-O Nbd7 12. Qd3 Ne5 13. Qc2 Ng6 14. Bg5 Qd7
15. f3 Nd5 16. Bxd5 Bxd5 17. Bxe7 Nxe7 18. Ne4 c6 19. Rac1 a5 20. N2g3 Rad8 21.
Rfd1 a4 22. Nc5 Qc8 23. Qd2 Ng6 24. Qg5 Rde8 25. Re1 Rxe1+ 26. Rxe1 Re8 27. Qd2
h6 28. Kf2 Rd8 29. Qe3 Qc7 30. Kg1 Kh7 31. Nf5 Qc8 32. g4 Qc7 33. Nd3 Be6 34.
Ne5 Ra8 35. Qc3 Bd5 36. Kf2 f6 37. Nxg6 Qxh2+ 38. Kf1 Bc4+ 0-1

[Event "Condigne Dutch Open 2016"]
[Site "dieren"]
[Date "2016.07.26"]
[Round "1"]
[White "Mokal, Amruta Sunil"]
[Black "De Jong, Migchiel"]
[Result "0-1"]
[WhiteElo "2078"]
[BlackElo "2342"]
[PlyCount "74"]
[EventDate "2016.07.27"]
[EventCountry "NED"]

1. e4 e6 2. d4 d5 3. e5 c5 4. c3 Qb6 5. Nf3 Bd7 6. Na3 Nc6 7. Nc2 cxd4 8. cxd4
Nb4 9. Nxb4 Bxb4+ 10. Bd2 Ne7 11. a3 Bxd2+ 12. Qxd2 O-O 13. Bd3 Bb5 14. O-O
Rfc8 15. Bxb5 Qxb5 16. a4 Qa6 17. b4 Rc4 18. b5 Qb6 19. Rfb1 Rac8 20. a5 $11
Qc7 21. h4 Rc2 22. Qf4 h6 23. h5 Qc4 24. Nd2 Qe2 25. Nf1 Qxh5 26. Ne3 R2c3 27.
g4 Qg6 28. Nd1 Rd3 29. Nb2 Rb3 30. b6 axb6 31. axb6 Rc2 32. Nd1 Rxb1 33. Rxb1
Rxf2 34. Nxf2 Qxb1+ 35. Kg2 Qxb6 36. Nd3 Nc6 37. g5 Qxd4 0-1

[Event "Condigne Dutch Open 2016"]
[Site "dieren"]
[Date "2016.07.26"]
[Round "1"]
[White "Bus, Tom"]
[Black "Sahil, Tickoo"]
[Result "0-1"]
[WhiteElo "2226"]
[BlackElo "2016"]
[PlyCount "94"]
[EventDate "2016.07.27"]
[EventCountry "NED"]

1. c4 c6 2. g3 d5 3. Nf3 Nf6 4. Bg2 Bf5 5. cxd5 cxd5 6. Qb3 Qb6 7. Qxb6 axb6 8.
Nc3 Nc6 9. d3 e5 10. O-O Bc5 11. Bg5 Be6 12. a3 Be7 13. Nd2 Rd8 14. Rac1 h6 15.
Bxf6 Bxf6 16. Na4 Rd6 17. e3 O-O 18. Rfe1 Ra8 19. Nc3 Rdd8 20. h3 Be7 21. Kh2
f5 22. d4 e4 23. Nb5 Rd7 24. Bf1 g5 25. Rc2 f4 26. Rec1 fxg3+ 27. fxg3 Rf8 28.
Kg2 Bd8 29. Be2 Rdf7 30. Rf1 Rxf1 31. Nxf1 Bf6 32. Nd2 Rd8 33. Nb3 Kf7 34. Nc3
Ke7 35. Na4 Kd6 36. Nxb6 Kc7 37. Na4 Ra8 38. Nac5 Bc8 39. Bb5 Kd6 40. Na4 Bd7
41. Nb6 Rd8 42. Nxd7 Rxd7 43. Nc5 {Diagram [#] De Indiër heeft na veel duw- en
trekwerk de zwakke pion op b6 verloren en gooit nu modder in het water met een
zeer verraderlijk trucje:} Nxd4 $5 44. exd4 Rc7 {Daar kun je zenuwachtig van
worden. Alles hangt bij wit.} 45. Rd2 e3 46. Rd3 ({Het beste lijkt hier} 46.
Re2 Bxd4 47. Nd3 {en alles staat veilig bij wit.}) 46... Bxd4 {Diagram [#]} 47.
Nb3 $4 ({Een gruwelijke fout. Hij had nu alsnog moeten gaan voor} 47. Rxd4 Kxc5
48. Rb4 {en wit staat nog wat beter, maar het wordt erg rommelig:} Rf7 49. g4
Rf2+ 50. Kg3 d4) 47... e2 0-1

[Event "Condigne Dutch Open 2016"]
[Site "dieren"]
[Date "2016.07.27"]
[Round "2"]
[White "Van Foreest, Lucas"]
[Black "L'Ami, Erwin"]
[Result "0-1"]
[WhiteElo "2367"]
[BlackElo "2606"]
[PlyCount "72"]
[EventDate "2016.07.27"]
[EventCountry "NED"]
[TimeControl "6000+925"]
[WhiteClock "0:10:43"]
[BlackClock "0:21:46"]

1. e4 e5 2. Nf3 Nc6 3. Bb5 a6 4. Ba4 Nf6 5. O-O Nxe4 6. d4 b5 7. Bb3 d5 8. dxe5
Be6 9. c3 Bc5 10. Nbd2 O-O 11. Qe2 Bf5 12. a4 b4 13. Qd3 Ne7 14. Nxe4 dxe4 15.
Qxd8 Raxd8 16. Nd4 Bxd4 17. cxd4 Nc6 18. Bc4 a5 19. Be3 Nxd4 20. Rac1 c5 21.
Bb5 Rd5 22. Bc4 Rxe5 23. Bf4 Re6 24. Bxe6 Ne2+ 25. Kh1 Bxe6 26. Bc7 Nxc1 27.
Rxc1 c4 28. Bxa5 Rb8 29. h4 c3 30. bxc3 b3 31. Bb4 e3 32. fxe3 Bf5 33. Ba3 b2
34. Bxb2 Rxb2 35. Rd1 h5 36. Rd4 Ra2 0-1

[Event "Condigne Dutch Open 2016"]
[Site "dieren"]
[Date "2016.07.27"]
[Round "2"]
[White "Reinderman, Dimitri"]
[Black "Beukema, Stefan"]
[Result "1-0"]
[WhiteElo "2584"]
[BlackElo "2355"]
[PlyCount "50"]
[EventDate "2016.07.27"]
[EventCountry "NED"]
[TimeControl "6000+1195"]
[WhiteClock "0:26:49"]
[BlackClock "0:30:28"]

1. Nf3 f5 2. g3 Nf6 3. Bg2 g6 4. O-O Bg7 5. d4 O-O 6. c4 d6 7. Nc3 c6 8. b3 Qc7
9. Ba3 Rd8 10. Qc2 Na6 11. e4 b5 12. e5 dxe5 13. Nxe5 Bb7 14. Bb2 Nd7 15. Nf3
e5 16. Ng5 Nf8 17. b4 exd4 18. cxb5 dxc3 19. Qb3+ Rd5 20. bxa6 cxb2 21. axb7
Qxb7 22. Rad1 Rad8 23. Rfe1 h6 24. Bxd5+ cxd5 25. Nf3 Qb6 1-0

[Event "Condigne Dutch Open 2016"]
[Site "dieren"]
[Date "2016.07.27"]
[Round "2"]
[White "Geurink, Jasper"]
[Black "Sandipan, Chanda"]
[Result "0-1"]
[WhiteElo "2359"]
[BlackElo "2568"]
[PlyCount "94"]
[EventDate "2016.07.27"]
[EventCountry "NED"]
[TimeControl "6000+900"]
[WhiteClock "0:19:00"]
[BlackClock "0:22:16"]

1. e4 c5 2. Nc3 e6 3. f4 d5 4. Nf3 dxe4 5. Nxe4 Nf6 6. Nf2 Bd6 7. g3 b6 8. Bg2
Bb7 9. O-O O-O 10. b3 Nbd7 11. Bb2 Qc7 12. Qe2 Rae8 13. Nd3 c4 14. Nde5 cxb3
15. c4 bxa2 16. Rxa2 a5 17. Raa1 Ra8 18. d4 a4 19. Rac1 a3 20. Ba1 Ra7 21. Kh1
Qb8 22. Qe3 Qa8 23. Nxd7 Nxd7 24. f5 e5 25. f6 Nxf6 26. dxe5 Bc5 27. Qf4 Ne4
28. Nh4 Be7 29. Rc2 Bxh4 30. gxh4 Nc5 31. h5 Ne6 32. Qg3 Bxg2+ 33. Rxg2 Qe4 34.
h3 Qxc4 35. Rfg1 Rd8 36. Qf3 Rd3 37. Qf5 g6 38. hxg6 hxg6 39. Rxg6+ fxg6 40.
Qxg6+ Ng7 41. Qe8+ Kh7 42. Rxg7+ Kxg7 43. e6+ Rc3 44. e7 Qf1+ 45. Kh2 Qe2+ 46.
Kh1 Qe4+ 47. Kg1 Qb1+ 0-1

[Event "Condigne Dutch Open 2016"]
[Site "dieren"]
[Date "2016.07.27"]
[Round "2"]
[White "Khenkin, Igor"]
[Black "Maatman, Nick"]
[Result "1/2-1/2"]
[WhiteElo "2553"]
[BlackElo "2314"]
[PlyCount "49"]
[EventDate "2016.07.27"]
[EventCountry "NED"]
[TimeControl "6000+1055"]
[WhiteClock "0:10:21"]
[BlackClock "0:24:21"]

1. d4 Nf6 2. c4 e6 3. Nf3 d5 4. e3 Bb4+ 5. Nbd2 O-O 6. a3 Be7 7. b4 a5 8. b5 c5
9. dxc5 Nbd7 10. c6 bxc6 11. bxc6 Nb8 12. Qa4 Qc7 13. cxd5 Nxd5 14. Bb2 Qxc6
15. Bb5 Qb7 16. Rb1 Bd7 17. Qg4 Bf6 18. Bxf6 Nxf6 19. Qg5 Bxb5 20. Rxb5 Qa6 21.
O-O h6 22. Qe5 Nbd7 23. Qb2 Rfc8 24. Rb1 Rc7 25. Rb7 1/2-1/2

[Event "Condigne Dutch Open 2016"]
[Site "dieren"]
[Date "2016.07.27"]
[Round "2"]
[White "De Jong, Migchiel"]
[Black "Ikonnikov, Vyacheslav"]
[Result "0-1"]
[WhiteElo "2342"]
[BlackElo "2538"]
[PlyCount "60"]
[EventDate "2016.07.27"]
[EventCountry "NED"]
[TimeControl "6000+980"]
[WhiteClock "0:17:55"]
[BlackClock "0:37:32"]

1. e4 g6 2. d4 Bg7 3. c4 c6 4. Nc3 d6 5. Be3 a6 6. Nf3 Nf6 7. h3 b5 8. e5 dxe5
9. dxe5 Qxd1+ 10. Rxd1 Nfd7 11. Bf4 Nc5 12. b4 Ne6 13. Bg3 Nd7 14. Bd3 Bb7 15.
Be4 bxc4 16. O-O Nb6 17. a4 O-O 18. a5 Nd5 19. Nxd5 cxd5 20. Bxd5 Bxd5 21. Rxd5
Rfd8 22. Rxd8+ Rxd8 23. Rc1 Rc8 24. Nd2 c3 25. Ne4 Rc4 26. f3 c2 27. Nd2 Bh6
28. f4 Nxf4 29. Nxc4 Ne2+ 30. Kh2 Bxc1 0-1

[Event "Condigne Dutch Open 2016"]
[Site "dieren"]
[Date "2016.07.27"]
[Round "2"]
[White "Horvath, Csaba"]
[Black "Schoppen, Casper"]
[Result "1/2-1/2"]
[WhiteElo "2520"]
[BlackElo "2298"]
[PlyCount "107"]
[EventDate "2016.07.27"]
[EventCountry "NED"]
[TimeControl "6000+665"]
[WhiteClock "0:05:58"]
[BlackClock "0:02:49"]

1. g3 Nf6 2. Bg2 c5 3. f4 Nc6 4. Nf3 d6 5. d3 g6 6. e4 Bg7 7. O-O O-O 8. h3 Rb8
9. a4 a6 10. g4 b5 11. axb5 axb5 12. Nc3 b4 13. Ne2 Qb6 14. Be3 Nd7 15. Rb1 Bb7
16. f5 Nce5 17. Nf4 Ra8 18. Nd2 Qd8 19. g5 Re8 20. h4 Nf8 21. h5 Qc8 22. Bh3
Qc6 23. Nf3 gxf5 24. Bxf5 e6 25. Bh3 b3 26. c4 Ra4 27. Nxe5 Bxe5 28. Qf3 Qc7
29. Rf2 Re7 30. Rbf1 Ra2 31. g6 hxg6 32. Nxg6 Nxg6 33. hxg6 f5 34. Qg2 Rg7 35.
Kh1 Qe7 36. Bg5 Qe8 37. Bxf5 exf5 38. Rxf5 Rxg6 39. Qf3 Bg7 40. Qh5 Bc8 41. Rf6
Rh6 42. Rxh6 Qxh5+ 43. Rxh5 Bxb2 44. Bh6 Ra1 45. Kg2 Rxf1 46. Kxf1 Bd4 47. Rh1
Bg4 48. Ke1 Bc3+ 49. Kf2 Kf7 50. Bf4 Bd4+ 51. Be3 Bc3 52. Bf4 Bd4+ 53. Be3 Bc3
54. Bf4 1/2-1/2